000 00563nam a2200181Ia 4500
003 GCL
008 140319s9999 xx 000 0 ara d
040 _aGCL /
_cGCL
082 0 4 _a813.01
_bا ص
100 1 _aابراهيم نافع عوض الله
245 1 0 _aالصمت المعبر /
_cابراهيم نافع عوض الله
260 _a[S.N] :
_bدار عمار للنشر والتوزيع ،
_c1992
300 _a113 ص
490 _a
650 0 4 _aالادب العربى
650 0 4 _aالقصص العربية القصيرة
942 _2ddc
_cBK
999 _c55838
_d55838